| 000 | 00575nam a2200193Ia 4500 | ||
|---|---|---|---|
| 003 | GCL | ||
| 008 | 140319s9999 xx 000 0 ara d | ||
| 040 |
_aGCL / _cGCL |
||
| 082 | 0 | 4 |
_aط _b398.23 _bح ح |
| 100 | 1 | _aحسونه المصباحى | |
| 245 | 1 | 0 |
_aحكايات من هذا العالم / _cحسونه المصباحى |
| 300 | _a72 ص | ||
| 490 |
_aسلسلة نصوص عالمية _v0 |
||
| 650 | 0 | 4 | _aالاطفال |
| 650 | 0 | 4 | _aالادب الشعبى |
| 650 | 0 | 4 | _aالاساطير |
| 650 | 0 | 4 | _aالادب المترجم للعربية |
| 942 |
_2ddc _cBK |
||
| 999 |
_c51310 _d51310 |
||